Statistics for Asia Map with 8 Extra Borders #3

Click here to take the quiz!

General Stats

  • This quiz has been taken 1,424 times
  • The average score is 7 of 8

Answers on the Map

Answers color-coded by a green-red scale on the quiz's map according to % correct below.
 

Answer Stats

Country% Correct
Nepal
98%
South Korea
98%
Pakistan
96%
Syria
96%
United Arab Emirates
96%
Armenia
94%
Kazakhstan
92%
Philippines
78%

Score Distribution

Percentile by Number Answered

Percent of People with Each Score

Your Score History

You have not taken this quiz